000 00646nam a22002177a 4500
003 UA-OsUOA
001 42784
007 ta
008 20061121b un ||||| |||| 00| 0 ukr d
100 _aУльянов И.
090 _a330
_bУ-11
942 _cSA
040 _aUA-OsUOA
_brus
_cUA-OsUOA
_dUA-OsUOA
245 _aО роли статистических характеристик нормы прибыли в государственном регулировании экономики
300 _aС.63-75
955 _a0
041 _arus
080 _a330
773 0 _w42783
650 7 _a330 Економіка взагалі
_2UDC
999 _c328916
_d328916